00601nam a2200181Ia 4500008004100000082001300041100001500054245003800069250000900107260002900116300000800145500002400153650001400177942000700191952010200198952010200300999001700402230524s9999 xx 000 0 und d a547bHAI aS.N.Haider 0aFundamentals of Organic Chemistry a16TH aNEW DELHIbS.Chandc2005 a549 aQuantity Number: 2 aChemistry cBK 00104070aTATCLbTATCLcGENd2023-05-24l0o547 HAIp6113r2023-05-24w2023-05-24yBKzBSCC2101 00104070aTATCLbTATCLcGENd2023-05-24l0o547 HAIp6114r2023-05-24w2023-05-24yBKzBSCC2101 c13874d13874